Statistics for FIFA 19 Top 100 Players

Click here to take the quiz!

General Stats

  • This quiz has been taken 10,279 times
    (8,996 since last reset)
  • The average score is 55 of 100

Answer Stats

RatingPositionClubFootballer% Correct
94STJuventusCristiano Ronaldo
100%
94CFBarcelonaLionel Messi
100%
92LWPSGNeymar
98%
86CBAS MonacoNaldo
97%
91CMReal MadridLuka Modrić
95%
91STBarcelonaLuis Suárez
94%
91CBReal MadridSergio Ramos
94%
90STTottenhamHarry Kane
93%
91CAMMan CityKevin De Bruyne
93%
90STBayern MunichRobert Lewandowski
93%
91GKMan UnitedDavid De Gea
92%
91LWChelseaEden Hazard
92%
90GKBayern MunichManuel Neuer
91%
90CMReal MadridToni Kroos
90%
88RWLiverpoolMohamed Salah
87%
89CDMChelseaN'Golo Kanté
87%
90GKAtlético MadridJan Oblak
86%
89STMan CitySergio Agüero
86%
89CAMMan CityDavid Silva
83%
90GKReal MadridThibaut Courtois
83%
85LMTottenhamSon HeungMin
82%
90CBAtlético MadridDiego Godín
80%
89STPSGEdinson Cavani
80%
87RWPSGKylian Mbappé
80%
89GKBarcelonaMarc-André ter Stegen
80%
89STAtlético MadridAntoine Griezmann
79%
88GKTottenhamHugo Lloris
78%
89CAMJuventusPaulo Dybala
78%
88LBReal MadridMarcelo
77%
88CMMan UnitedPaul Pogba
76%
88RWReal MadridGareth Bale
75%
89CBJuventusGiorgio Chiellini
74%
88CBLiverpoolVirgil Van Dijk
71%
87GKReal MadridKeylor Navas
70%
88CDMBarcelonaSergio Busquets
70%
87CBBarcelonaGerard Piqué
69%
88STArsenalPierre-Emerick Aubameyang
68%
88CDMReal MadridCasemiro
67%
89CBBayern MunichMats Hummels
66%
88CAMDortmundMarco Reus
65%
86LWLiverpoolSadio Mané
65%
87STMan UnitedRomelu Lukaku
63%
89CAMReal MadridIsco
62%
88LWBarcelonaPhilippe Coutinho
61%
87CMVissel KobeAndrés Iniesta
60%
88CAMTottenhamChristian Eriksen
59%
88GKPSGGianluigi Buffon
59%
86CFBayern MunichThomas Müller
58%
87GKLiverpoolAlisson
57%
88LWNapoliLorenzo Insigne
57%
87CMBayern MunichThiago
57%
86CBBayern MunichJérôme Boateng
56%
87LBBarcelonaJordi Alba
55%
88GKInter MilanSamir Handanovič
55%
87RWMan CityRaheem Sterling
54%
86CFLiverpoolBobby Firmino
48%
87CFNapoliDries Mertens
48%
86CBReal MadridRaphaël Varane
47%
86CBJuventusLeonardo Bonucci
46%
87CBBarcelonaSamuel Umtiti
45%
86GKMan CityEderson
44%
87CMBarcelonaIvan Rakitić
44%
86LWMan CityLeroy Sané
43%
88STChelseaGonzalo Higuaín
42%
87STLazioCiro Immobile
41%
87CBTottenham Jan Vertonghen
41%
86RBBayern MunichJoshua Kimmich
41%
86CAMArsenalMesut Özil
41%
88CBPSGThiago Silva
40%
87CBNapoliKalidou Koulibaly
39%
88CAMBayern MunichJames Rodríguez
38%
87LWMan UnitedAlexis Sánchez
37%
87STInter MilanMauro Icardi
37%
87CDMMan CityFernandinho
36%
87CBTottenhamToby Alderweireld
33%
85STArsenalAlexandre Lacazette
30%
85RWMan CityRiyad Mahrez
28%
86LMInter MilanIvan Perišić
27%
86CMPSGMarco Verratti
27%
86LBJuventusAlex Sandro
23%
85CDMLiverpoolFabinho
23%
85RMBayern MunichArjen Robben
22%
85STRomaEdin Džeko
22%
86CMJuventusMiralem Pjanić
22%
86CBMan CityNicolás Otamendi
21%
86CMValenciaDani Parejo
20%
85LWReal MadridMarco Asensio
20%
85CDMBarcelonaArturo Vidal
18%
85CBRomaKostas Manolas
18%
87CMDalian YifangMarek Hamšík
17%
86CDMMan UnitedNemanja Matić
17%
85CDMJuventusBlaise Matuidi
15%
85STAtlético MadridDiego Costa
15%
85LMAtlético MadridKoke
14%
85CDMDortmundAxel Witsel
13%
86CBChelseaCesar Azpilicueta
13%
86LMJuventusDouglas Costa
13%
85LBAtlético MadridFilipe Luís
9%
86CBAl-Duhail SCMedhi Benatia
8%
85CMInter MilanRadja Nainggolan
7%

Score Distribution

Percentile by Number Answered

Percent of People with Each Score

Your Score History

You have not taken this quiz since the last reset